Research design : (Record no. 11330)
[ view plain ]
| 000 -LEADER | |
|---|---|
| fixed length control field | 01061cam a2200241 i 4500 |
| 003 - CONTROL NUMBER IDENTIFIER | |
| control field | OSt |
| 005 - DATE AND TIME OF LATEST TRANSACTION | |
| control field | 20230309123641.0 |
| 008 - FIXED-LENGTH DATA ELEMENTS--GENERAL INFORMATION | |
| fixed length control field | 170921s2018 cau b 001 0 eng |
| 020 ## - INTERNATIONAL STANDARD BOOK NUMBER | |
| International Standard Book Number | 9789353287351 |
| 082 00 - DEWEY DECIMAL CLASSIFICATION NUMBER | |
| Classification number | 300.72/1 |
| Edition number | 23 |
| Item number | JOH |
| 100 1# - MAIN ENTRY--PERSONAL NAME | |
| Personal name | Creswell, John W., |
| Relator term | author. |
| 245 10 - TITLE STATEMENT | |
| Title | Research design : |
| Remainder of title | qualitative, quantitative, and mixed methods approaches / |
| Statement of responsibility, etc | John W. Creswell, Department of Family Medicine, University of Michigan, J. David Creswell, Department of Psychology, Carnegie Mellon University. |
| 250 ## - EDITION STATEMENT | |
| Edition statement | fourth edition. |
| 260 ## - PUBLICATION, DISTRIBUTION, ETC. (IMPRINT) | |
| Place of publication, distribution, etc | London |
| Name of publisher, distributor, etc | Sage publication |
| Date of publication, distribution, etc | 2014 |
| 300 ## - PHYSICAL DESCRIPTION | |
| Extent | xxi, 190 pages ; |
| Dimensions | 25 cm |
| 504 ## - BIBLIOGRAPHY, ETC. NOTE | |
| Bibliography, etc | Includes bibliographical references and indexes. |
| 650 #0 - SUBJECT ADDED ENTRY--TOPICAL TERM | |
| Topical term or geographic name as entry element | Social sciences |
| General subdivision | Research |
| -- | Methodology. |
| 650 #0 - SUBJECT ADDED ENTRY--TOPICAL TERM | |
| Topical term or geographic name as entry element | Social sciences |
| General subdivision | Statistical methods. |
| 700 1# - ADDED ENTRY--PERSONAL NAME | |
| Personal name | Creswell, J. David, |
| Relator term | author. |
| 906 ## - LOCAL DATA ELEMENT F, LDF (RLIN) | |
| a | 7 |
| b | cbc |
| c | orignew |
| d | 1 |
| e | ecip |
| f | 20 |
| g | y-gencatlg |
| 942 ## - ADDED ENTRY ELEMENTS (KOHA) | |
| Source of classification or shelving scheme | |
| 955 ## - COPY-LEVEL INFORMATION (RLIN) | |
| Book number/undivided call number, CCAL (RLIN) | rm15 2017-09-21 |
| Copy status, CST (RLIN) | rm15 2017-09-21 (telework) to Dewey |
| Classification number, CCAL (RLIN) | xn08 2018-03-31 1 copy rec'd., to CIP ver. |
| Book number/undivided call number, CCAL (RLIN) | hb09 2018-08-17 copy for LOAN |
| Withdrawn status | Lost status | Source of classification or shelving scheme | Damaged status | Koha normalized classification for sorting | Not for loan | Permanent location | Current location | Date acquired | Source of acquisition | Cost, normal purchase price | Full call number | Barcode | Date last seen | Cost, replacement price | Price effective from | Koha item type | Public note | Total Checkouts | Date last borrowed |
|---|---|---|---|---|---|---|---|---|---|---|---|---|---|---|---|---|---|---|---|
| 300_721000000000000_JOH | BMS College of Architecture, Design and Planning | BMS College of Architecture, Design and Planning | 2023-03-16 | 10 | 476.00 | 300.721 JOH | AR-RD185 | 2023-03-16 | 595.00 | 2023-03-16 | R&D Books | S09 | |||||||
| 300_721000000000000_JOH | BMS College of Architecture, Design and Planning | BMS College of Architecture, Design and Planning | 2023-03-16 | 10 | 476.00 | 300.721 JOH | AR-RD186 | 2023-03-16 | 595.00 | 2023-03-16 | R&D Books | S09 | |||||||
| 300_721000000000000_JOH | BMS College of Architecture, Design and Planning | BMS College of Architecture, Design and Planning | 2023-03-16 | 10 | 476.00 | 300.721 JOH | AR-RD187 | 2023-03-16 | 595.00 | 2023-03-16 | R&D Books | S09 | |||||||
| 300_721000000000000_JOH | BMS College of Architecture, Design and Planning | BMS College of Architecture, Design and Planning | 2023-03-16 | 10 | 476.00 | 300.721 JOH | AR-RD188 | 2023-03-16 | 595.00 | 2023-03-16 | R&D Books | S09 | |||||||
| 300_721000000000000_JOH | BMS College of Architecture, Design and Planning | BMS College of Architecture, Design and Planning | 2023-03-16 | 10 | 476.00 | 300.721 JOH | AR-RD189 | 2024-01-19 | 595.00 | 2023-03-16 | R&D Books | S09 | 1 | 2024-01-19 | |||||
| 300_721000000000000_JOH | BMS College of Architecture, Design and Planning | BMS College of Architecture, Design and Planning | 2023-03-16 | 10 | 476.00 | 300.721 JOH | AR-RD190 | 2023-03-16 | 595.00 | 2023-03-16 | R&D Books | S09 | |||||||
| 300_721000000000000_JOH | BMS College of Architecture, Design and Planning | BMS College of Architecture, Design and Planning | 2023-03-16 | 10 | 476.00 | 300.721 JOH | AR-RD191 | 2023-03-16 | 595.00 | 2023-03-16 | R&D Books | S09 | |||||||
| 300_721000000000000_JOH | BMS College of Architecture, Design and Planning | BMS College of Architecture, Design and Planning | 2023-03-16 | 10 | 476.00 | 300.721 JOH | AR-RD192 | 2023-03-16 | 595.00 | 2023-03-16 | R&D Books | S09 | |||||||
| 300_721000000000000_JOH | BMS College of Architecture, Design and Planning | BMS College of Architecture, Design and Planning | 2023-03-16 | 10 | 476.00 | 300.721 JOH | AR-RD193 | 2023-03-16 | 595.00 | 2023-03-16 | R&D Books | S09 |